| 000 | 00352nam a2200133Ia 4500 | ||
|---|---|---|---|
| 008 | 150201s1998 xx 000 0 und d | ||
| 082 |
_a618.92 _bP98F |
||
| 100 | _aFORCE,JOINT | ||
| 245 | _aPEDIATRIC EMERGENCY MEDICINE | ||
| 250 | _a3RD | ||
| 260 |
_bAMERICAN ACADEMY OF PEDIATRIC _aAMERICA _c1998 |
||
| 650 | _aMEDICINE AND DIAGNOSIS | ||
| 942 |
_2ddc _cBK |
||
| 999 |
_c1075 _d1075 |
||